MARC

LEADER 00000nam0a2200000 4500
001 302048
005 20231102001449.0
035 |a (RuTPU)RU\TPU\book\327243 
090 |a 302048 
100 |a 20150818d1982 m y0rusy50 ca 
101 0 |a rus 
102 |a RU 
105 |a a j 001zy 
200 1 |a У истоков бурения скважин  |e учебное пособие  |f В. Е. Копылов  |g Тюменский индустриальный институт (ТюмИИ) 
210 |a Тюмень  |c Изд-во Тюменского индустриального ин-та  |d 1982 
215 |a 117 с.  |c ил. 
320 |a Библиогр.: с. 113-117 
606 1 |a Буровое дело  |2 stltpush  |3 (RuTPU)RU\TPU\subj\30514  |9 53616 
610 1 |a скважины 
610 1 |a бурение 
610 1 |a история 
610 1 |a каменный век 
610 1 |a сверление 
610 1 |a Древний Египет 
610 1 |a Древний Китай 
610 1 |a Древняя Русь 
610 1 |a средние века 
610 1 |a твердые полезные ископаемые 
610 1 |a Европа 
610 1 |a буровые станки 
610 1 |a 16 век 
610 1 |a 17 век 
610 1 |a 18 век 
610 1 |a учебные пособия 
675 |a 622.24(091)(075.8)  |v 4 
700 1 |a Копылов  |b В. Е.  |g Виктор Ефимович 
712 0 2 |a Тюменский индустриальный институт (ТюмИИ)  |c (1963-1994)  |2 stltpush  |3 (RuTPU)RU\TPU\col\6066 
801 1 |a RU  |b 63413507  |c 20150818 
801 2 |a RU  |b 63413507  |c 20190403  |g RCR 
942 |c BK